[Event "ICS rated blitz match"]
[Site "204.178.125.65"]
[Date "2000.04.30"]
[Round "?"]
[White "mkarp"]
[Black "Hossa"]
[Result "0-1"]
[WhiteElo "2118"]
[BlackElo "2459"]
[PlyCount "78"]
[EventDate "2000.??.??"]

1. d4 Nf6 2. c4 e6 3. Nc3 Bb4 4. e3 b6 5. Nf3 Bb7 6. Be2 Nc6 7. O-O O-O 8. Ne1
Ba6 9. Qc2 Bxc3 10. Qxc3 d5 11. b3 Ne4 12. Qc2 Nb4 13. Qd1 dxc4 14. Bxc4 Bxc4
15. bxc4 c5 16. Bb2 Nd6 17. Qb3 Nc6 18. d5 Na5 19. Qc3 f6 20. dxe6 Re8 21. Rd1
Rxe6 22. Nd3 Naxc4 23. Ba1 Re4 24. Nf4 Qe8 25. Nd5 Rc8 26. Nxf6+ gxf6 27. Qxf6
Qg6 28. Qc3 Rg4 29. g3 Re8 30. Rd5 a6 31. Rfd1 Nf7 32. Rd7 Nce5 33. Ra7 Nf3+
34. Kg2 N7e5 35. Rdd7 Nh4+ 36. Kh3 Rxg3+ 37. hxg3 Qg4+ 38. Kh2 Nef3+ 39. Kh1
Qh3# {mkarp checkmated} 0-1

[Event "ICS rated standard match"]
[Site "204.178.125.65"]
[Date "2000.04.30"]
[Round "?"]
[White "chuda"]
[Black "Hossa"]
[Result "0-1"]
[WhiteElo "2063"]
[BlackElo "2345"]
[PlyCount "30"]
[EventDate "2000.??.??"]

1. e4 d5 2. exd5 Qxd5 3. Nc3 Qa5 4. d4 c6 5. Bc4 Nd7 6. Nf3 b5 7. Bb3 Ngf6 8.
Bd2 b4 9. Na4 Ne4 10. Bf4 Qf5 11. Bc7 Ba6 12. c4 bxc3 13. Nxc3 Nxc3 14. bxc3
Qe4+ 15. Kd2 Qd3+ {chuda resigns} 0-1

[Event "ICS rated standard match"]
[Site "204.178.125.65"]
[Date "2000.04.30"]
[Round "?"]
[White "Hossa"]
[Black "albertchin"]
[Result "1-0"]
[WhiteElo "2350"]
[BlackElo "2247"]
[PlyCount "65"]
[EventDate "2000.??.??"]

1. e4 d5 2. exd5 Qxd5 3. Nc3 Qd8 4. Nf3 c6 5. Bc4 e6 6. Ne4 Nf6 7. Nxf6+ Qxf6
8. d4 h6 9. O-O Nd7 10. Be3 Bd6 11. Bd3 b6 12. c3 Bb7 13. Nd2 Qe7 14. Nc4 Bc7
15. Re1 O-O-O 16. a4 c5 17. a5 Qh4 18. g3 Qh3 19. Bf1 Qf5 20. axb6 axb6 21. Be2
h5 22. Ra3 h4 23. g4 Qd5 24. f3 b5 25. Na5 Qd6 26. f4 Qd5 27. Nxb7 Qxb7 28. Bf3
Qb6 29. Qa1 cxd4 30. Bxd4 Qd6 31. Ra8+ Nb8 32. Rd1 Bb6 33. Qa6+ {
albertchin resigns} 1-0

[Event "ICS rated standard match"]
[Site "204.178.125.65"]
[Date "2000.04.30"]
[Round "?"]
[White "chuda"]
[Black "Hossa"]
[Result "1-0"]
[WhiteElo "2054"]
[BlackElo "2351"]
[PlyCount "103"]
[EventDate "2000.??.??"]

1. e4 d5 2. exd5 Qxd5 3. Nc3 Qa5 4. d4 c6 5. Bc4 Nd7 6. Nf3 b5 7. Bd3 g6 8. Bd2
Bh6 9. O-O Bxd2 10. Qxd2 Ngf6 11. Rfe1 Qc7 12. Qe3 Nb6 13. Qh6 Rg8 14. Ne4 Nbd5
15. a4 bxa4 16. Nfg5 Nxe4 17. Nxe4 Rf8 18. c4 f5 19. cxd5 fxe4 20. Bxe4 Rb8 21.
Qxh7 Rxb2 22. Qxg6+ Kd8 23. Qxc6 Qf4 24. d6 Qxd6 25. Qxd6+ exd6 26. Rxa4 a6 27.
f3 Re8 28. Rc1 Rd2 29. Rc2 Rxc2 30. Bxc2 Re3 31. Kf2 Rc3 32. Be4 Rb3 33. g4 Ke7
34. h4 Rb6 35. Rc4 Bd7 36. h5 a5 37. Rc7 Kd8 38. Ra7 a4 39. h6 d5 40. g5 Rb8
41. h7 Ke7 42. Bf5 Kd6 43. Rxd7+ Kc6 44. g6 a3 45. g7 a2 46. g8=Q Rb2+ 47. Ke3
Rb3+ 48. Kf4 Rxf3+ 49. Kxf3 a1=Q 50. Qc8+ Kb6 51. Rb7+ Ka5 52. Qa8# {
Hossa checkmated} 1-0

[Event "ICS rated blitz match"]
[Site "204.178.125.65"]
[Date "2000.04.30"]
[Round "?"]
[White "hanni"]
[Black "Hossa"]
[Result "0-1"]
[WhiteElo "2277"]
[BlackElo "2447"]
[PlyCount "74"]
[EventDate "2000.??.??"]

1. d4 d5 2. c4 e6 3. Nc3 Nf6 4. Bg5 Be7 5. e3 O-O 6. Qc2 dxc4 7. Bxc4 Nc6 8.
Nf3 Nb4 9. Qe2 Bd7 10. Ne5 Nc6 11. f4 Nd5 12. Bxe7 Ndxe7 13. Rd1 Nf5 14. O-O a6
15. Bd3 Nd6 16. Bb1 g6 17. Qg4 Qe7 18. d5 Na7 19. Nxd7 f5 20. Qf3 Qxd7 21. dxe6
Qxe6 22. a3 Qe7 23. Ba2+ Kh8 24. Nd5 Qd7 25. Rc1 Nc6 26. Qd1 Ne4 27. Qc2 Rfe8
28. Rfd1 Qg7 29. b4 Rad8 30. Qa4 Rd7 31. b5 axb5 32. Qxb5 Nd6 33. Qb1 Re4 34.
Rc4 Nxc4 35. Bxc4 Rxc4 36. Qxb7 Rc2 37. Qb3 Qb2 {hanni resigns} 0-1

[Event "ICS rated standard match"]
[Site "204.178.125.65"]
[Date "2000.04.30"]
[Round "?"]
[White "markOpoleO"]
[Black "Hossa"]
[Result "1-0"]
[WhiteElo "2281"]
[BlackElo "2324"]
[PlyCount "81"]
[EventDate "2000.??.??"]

1. e4 e5 2. Nf3 Nc6 3. Bb5 a6 4. Ba4 Nf6 5. O-O Be7 6. Re1 b5 7. Bb3 d6 8. c3
O-O 9. h3 Bb7 10. d4 Re8 11. Nbd2 Bf8 12. a4 h6 13. Bc2 exd4 14. cxd4 Nb4 15.
Bb1 c5 16. d5 Nd7 17. Ra3 f5 18. exf5 Nf6 19. axb5 axb5 20. Rxa8 Qxa8 21. Ne4
Nxe4 22. Bxe4 Rd8 23. f6 Bxd5 24. Ng5 Bxe4 25. Nxe4 Qc6 26. fxg7 Bxg7 27. Bxh6
Qc7 28. Bxg7 Qxg7 29. Nxc5 Rc8 30. Qxd6 Rf8 31. Re4 Rf6 32. Ne6 Qh6 33. Qd8+
Kh7 34. Rg4 Rg6 35. Qe7+ Kg8 36. Qe8+ Kh7 37. Qf7+ Kh8 38. Rxg6 Qc1+ 39. Kh2
Qf4+ 40. Qxf4 Nc2 41. Qh6# {Hossa checkmated} 1-0

[Event "ICS Rated blitz match"]
[Site "204.178.125.65"]
[Date "2000.04.30"]
[Round "?"]
[White "Hossa"]
[Black "peaceonearth"]
[Result "1-0"]
[WhiteElo "2454"]
[BlackElo "2290"]
[PlyCount "153"]
[EventDate "2000.??.??"]

1. e4 e6 2. d4 d5 3. exd5 exd5 4. Bd3 Nf6 5. Nf3 Bg4 6. O-O Bd6 7. Re1+ Be7 8.
Bg5 O-O 9. Nbd2 h6 10. Bxf6 Bxf6 11. c3 Nd7 12. Qc2 c5 13. Bh7+ Kh8 14. Bf5
Bxf3 15. Nxf3 cxd4 16. cxd4 Nb6 17. Rac1 Qd6 18. Bh3 Nc4 19. b3 Na3 20. Qc7 Qb6
21. Rc5 Qxc7 22. Rxc7 b6 23. Rd7 Nb5 24. Rxd5 Nc3 25. Rd7 Nxa2 26. Bf5 Kg8 27.
Be4 Rfd8 28. Bxa8 Rxd7 29. Re8+ Kh7 30. Be4+ g6 31. Bc6 Re7 32. Rxe7 Bxe7 33.
g3 Nb4 34. d5 Kg7 35. Kg2 Bd6 36. h4 f5 37. Nd4 Kf6 38. f4 Nd3 39. Kf3 Nc5 40.
Ke3 a5 41. Kf3 Ne4 42. g4 Bc5 43. Ke3 Bxd4+ 44. Kxd4 Nd2 45. g5+ hxg5 46. hxg5+
Ke7 47. Kc3 Ne4+ 48. Kd3 Ng3 49. Bb5 Kd6 50. Be8 Kxd5 51. Bxg6 b5 52. Be8 a4
53. bxa4 bxa4 54. Bxa4 Nh5 55. Ke3 Ng7 56. Bb3+ Kc5 57. Bf7 Kc6 58. Bg8 Kc5 59.
Bb3 Kb4 60. Bf7 Kc3 61. Bd5 Kc2 62. Kd4 Kd2 63. g6 Ke2 64. Ke5 Ke3 65. Kf6 Nh5+
66. Kxf5 Nxf4 67. g7 Nxd5 68. Ke6 Nf4+ 69. Kd6 Ne6 70. Kxe6 Ke4 71. g8=Q Kd4
72. Qg5 Ke4 73. Qd2 Kf3 74. Kf5 Kg3 75. Qe2 Kh3 76. Kf4 Kh4 77. Qh2# 1-0

[Event "ICS rated standard match"]
[Site "204.178.125.65"]
[Date "2000.04.30"]
[Round "?"]
[White "Hossa"]
[Black "expert101"]
[Result "1-0"]
[WhiteElo "2321"]
[BlackElo "2096"]
[PlyCount "90"]
[EventDate "2000.??.??"]

1. e4 c6 2. d4 d5 3. e5 Bf5 4. Nc3 e6 5. g4 Bg6 6. Nge2 Be7 7. Bg2 h5 8. Nf4 h4
9. Nxg6 fxg6 10. Qd3 Kf7 11. Ne2 Nd7 12. Nf4 Nf8 13. Qf3 Ke8 14. Ne2 Nh6 15.
Bd2 Bg5 16. Bxg5 Qxg5 17. h3 Rd8 18. Qa3 a6 19. b3 Rd7 20. f4 Qe7 21. b4 Kd8
22. c4 Kc8 23. cxd5 exd5 24. O-O Ne6 25. f5 gxf5 26. gxf5 Ng5 27. Nf4 Re8 28.
Ng6 Qd8 29. Qe3 Ne4 30. e6 Rd6 31. Bxe4 dxe4 32. Rad1 Ng8 33. Qxe4 Qg5+ 34. Qg4
Qe3+ 35. Kh1 Nf6 36. Qf3 Qh6 37. Ne5 Rd5 38. Rg1 Nh5 39. Rg6 Ng3+ 40. Kg1 Qh7
41. Rc1 Kb8 42. Qg4 Re7 43. Rc2 Qh8 44. f6 Rxe5 45. dxe5 Qd8 {expert101 resigns
} 1-0

[Event "ICS rated standard match"]
[Site "204.178.125.65"]
[Date "2000.04.30"]
[Round "?"]
[White "expert101"]
[Black "Hossa"]
[Result "0-1"]
[WhiteElo "2089"]
[BlackElo "2328"]
[PlyCount "84"]
[EventDate "2000.??.??"]

1. d4 d5 2. c4 e6 3. Nc3 Nf6 4. Bg5 Be7 5. e3 O-O 6. Nf3 Nbd7 7. Bd3 dxc4 8.
Bxc4 c5 9. O-O cxd4 10. Nxd4 Ne5 11. Be2 Bd7 12. Qb3 Qc7 13. Bf4 b6 14. Ndb5
Qb8 15. Kh1 Rc8 16. Rfd1 Bc6 17. Nd4 Bd5 18. Nxd5 Nxd5 19. Bg3 Bf6 20. Nf3 Qc7
21. h3 a5 22. Rd4 Nb4 23. Re4 Qc2 24. Qxc2 Nxc2 25. Rd1 Nxf3 26. Bxf3 Bxb2 27.
Rd7 Nb4 28. Rf4 Rc1+ 29. Kh2 Rf8 30. Re4 Nxa2 31. Bd6 Rfc8 32. Rf4 f5 33. g4 g5
34. Ra4 Nc3 35. Rd4 Nb5 36. Be5 Nxd4 37. exd4 R8c3 38. Bg2 fxg4 39. hxg4 R3c2
40. Be4 Rxf2+ 41. Kg3 Rd2 42. Bxh7+ Kf8 {expert101 resigns} 0-1

[Event "ICS rated standard match"]
[Site "204.178.125.65"]
[Date "2000.04.30"]
[Round "?"]
[White "Hossa"]
[Black "Tinker"]
[Result "1-0"]
[WhiteElo "2334"]
[BlackElo "2315"]
[PlyCount "157"]
[EventDate "2000.??.??"]

1. e4 e5 2. Nf3 Nc6 3. Nc3 Nf6 4. Nxe5 Nxe5 5. d4 Ng6 6. e5 Ng8 7. Bc4 Bb4 8.
Qf3 Bxc3+ 9. bxc3 Qe7 10. O-O Nh6 11. g3 Rb8 12. Qh5 Qf8 13. Bd3 b6 14. a3 Ne7
15. c4 c6 16. c3 Bb7 17. Rb1 Nhg8 18. Qe2 Ba6 19. a4 Ng6 20. a5 Qe7 21. axb6
axb6 22. Qa2 Ra8 23. Rxb6 Bb7 24. Qb3 Bc8 25. c5 Ra7 26. Rb8 Rc7 27. f4 Nf8 28.
f5 Qd8 29. Bc4 Ne6 30. fxe6 dxe6 31. Ba6 h6 32. Qd1 Ne7 33. Qg4 Rg8 34. Qf3 Rf8
35. Bb2 Qd7 36. c4 Ra7 37. Ra1 Qc7 38. Qb3 Qd7 39. d5 exd5 40. cxd5 Rxa6 41.
Rxa6 Nxd5 42. Raa8 Ne7 43. Qf3 Rh8 44. e6 Qxe6 45. Bxg7 Rg8 46. Bf6 Qe1+ 47.
Qf1 Qxf1+ 48. Kxf1 Kd7 49. Bxe7 Ba6+ 50. Rxa6 Rxb8 51. Ra7+ Ke6 52. Bd6 Rb2 53.
Kg1 Rb1+ 54. Kg2 Rb2+ 55. Kh3 Rf2 56. Re7+ Kd5 57. Re5+ Kc4 58. Rh5 Rd2 59.
Rxh6 f5 60. Rf6 Rd5 61. Rf7 Kb5 62. Rb7+ Kc4 63. Rb6 Rd4 64. Rxc6 Kd5 65. Rc8
Re4 66. Rf8 Ke6 67. Re8+ Kd5 68. Re7 Rxe7 69. Bxe7 Ke6 70. c6 Kxe7 71. c7 Kd7
72. c8=Q+ Kxc8 73. Kh4 Kd7 74. Kg5 Ke6 75. h4 Kf7 76. Kxf5 Kg7 77. g4 Kf7 78.
g5 Kg7 79. h5 {Tinker resigns} 1-0

[Event "ICS rated bullet match"]
[Site "204.178.125.65"]
[Date "2000.04.30"]
[Round "?"]
[White "QueenMaxima"]
[Black "Hossa"]
[Result "1-0"]
[WhiteElo "2322"]
[BlackElo "2297"]
[PlyCount "122"]
[EventDate "2000.??.??"]

1. e4 e5 2. Nf3 Nc6 3. Bb5 a6 4. Ba4 Nf6 5. O-O Be7 6. Re1 b5 7. Bb3 O-O 8. c3
d5 9. exd5 Nxd5 10. Nxe5 Nxe5 11. Rxe5 c6 12. d4 Bd6 13. Re1 Qh4 14. g3 Qh3 15.
Be3 Bg4 16. Qd3 Rae8 17. Nd2 Re6 18. a4 f5 19. Qf1 Qh5 20. f4 bxa4 21. Rxa4
Rfe8 22. Rxa6 Kh8 23. Bxd5 cxd5 24. b4 Bh3 25. Qf3 Qg4 26. Qxg4 Bxg4 27. b5 Kg8
28. Kf2 Rc8 29. Rc1 Rh6 30. Nf3 Kf8 31. h4 Rb8 32. Rb1 Rc8 33. Bd2 Rb8 34. Ra7
Bxf3 35. Kxf3 Re6 36. Rd7 Rbe8 37. b6 Rb8 38. Rb5 g6 39. Rxh7 Kg8 40. Rd7 Kf8
41. b7 Ke8 42. Rh7 Re7 43. Rh6 Rg7 44. Rxd5 Ke7 45. Rb5 Kd7 46. c4 Kc7 47. Ba5+
Kd7 48. h5 gxh5 49. c5 Bc7 50. c6+ Kd8 51. Rd5+ Ke8 52. Bxc7 Rxc7 53. Rh8+ Kf7
54. Rxb8 Rxc6 55. Rf8+ Kg7 56. Rg8+ Kf6 57. Rxf5+ Kxf5 58. b8=Q Rc3+ 59. Ke2
Ke6 60. Rg6+ Kd5 61. Qb5+ Kxd4 {Hossa resigns} 1-0

[Event "ICS rated blitz match"]
[Site "204.178.125.65"]
[Date "2000.04.30"]
[Round "?"]
[White "IZZYLISTED"]
[Black "Hossa"]
[Result "1-0"]
[WhiteElo "2070"]
[BlackElo "2449"]
[PlyCount "73"]
[EventDate "2000.??.??"]

1. e4 e5 2. Nf3 Nc6 3. Bb5 a6 4. Ba4 Nf6 5. O-O Be7 6. Bxc6 dxc6 7. Nc3 Bg4 8.
h3 Bxf3 9. Qxf3 O-O 10. d3 Qd7 11. Ne2 Rfd8 12. Ng3 Qe8 13. Nf5 Nd7 14. Kh1 Qf8
15. Rg1 Bc5 16. Bd2 Bb4 17. Be3 Be7 18. g4 a5 19. Rg2 a4 20. Rag1 a3 21. b3 Bb4
22. h4 Ra6 23. g5 Bc3 24. Rg3 Ra5 25. Rh3 Kh8 26. h5 Qe8 27. g6 fxg6 28. hxg6
Nf6 29. Nxg7 Qd7 30. Nf5 h5 31. Bg5 Nh7 32. Qxh5 Qg7 33. Qxh7+ Qxh7 34. Rxh7+
Kg8 35. Bxd8 Ba1 36. Bf6 Kf8 37. Rh8# {Hossa checkmated} 1-0

[Event "ICS rated standard match"]
[Site "204.178.125.65"]
[Date "2000.04.30"]
[Round "?"]
[White "Hossa"]
[Black "chuda"]
[Result "1/2-1/2"]
[WhiteElo "2349"]
[BlackElo "2097"]
[PlyCount "166"]
[EventDate "2000.??.??"]

1. e4 d5 2. exd5 Nf6 3. Nf3 Qxd5 4. Nc3 Qa5 5. d4 c6 6. Be2 Bf5 7. Bd2 e6 8.
Ne4 Qd8 9. Nxf6+ Qxf6 10. O-O Qd8 11. Bg5 Be7 12. Bxe7 Qxe7 13. c4 O-O 14. Bd3
Bxd3 15. Qxd3 Nd7 16. Rfe1 Qb4 17. Ng5 Nf6 18. a3 Qb6 19. b4 Rad8 20. Rad1 h6
21. Ne4 Nxe4 22. Rxe4 Rfe8 23. Rg4 e5 24. d5 cxd5 25. cxd5 Qd6 26. Rc4 Rc8 27.
Rxc8 Rxc8 28. h4 a6 29. h5 b5 30. Qe3 Rc4 31. g3 Kf8 32. Kg2 Kg8 33. Kh1 Rc2
34. Kg1 Kf8 35. Qd3 Rc4 36. Qh7 f6 37. Qh8+ Kf7 38. Qa8 Rc3 39. Qb7+ Kg8 40.
Ra1 e4 41. Kg2 e3 42. f4 Qd8 43. Kh3 Qe8 44. Kg4 f5+ 45. Kh4 Rc2 46. g4 Qe4 47.
Rg1 Qxf4 48. Rg2 Qg5+ 49. Kh3 fxg4+ 50. Kg3 Qxh5 51. Rxc2 Qh3+ 52. Kf4 Qf3+ 53.
Ke5 Qf6+ 54. Ke4 Qg6+ 55. Kxe3 Qxc2 56. Qxa6 g3 57. Qe6+ Kh7 58. Kf3 Qf2+ 59.
Kg4 h5+ 60. Kxh5 Qf3+ 61. Kg5 Qf6+ 62. Qxf6 gxf6+ 63. Kxf6 g2 64. d6 g1=Q 65.
d7 Qb6+ 66. Ke7 Qc7 67. Ke8 Kg6 68. Ke7 Kf5 69. a4 bxa4 70. b5 Qe5+ 71. Kf8 Kg6
72. d8=N Kf6 73. Nc6 Qd6+ 74. Ke8 Qxc6+ 75. bxc6 a3 76. c7 a2 77. c8=Q a1=Q 78.
Qd8+ Kf5 79. Qd7+ Kf4 80. Qe7 Qa8+ 81. Kf7 Qd5+ 82. Kg7 Qg5+ 83. Qxg5+ Kxg5
1/2-1/2

[Event "ICS rated blitz match"]
[Site "204.178.125.65"]
[Date "2000.04.30"]
[Round "?"]
[White "Hossa"]
[Black "PostModernist"]
[Result "0-1"]
[WhiteElo "2420"]
[BlackElo "2695"]
[PlyCount "96"]
[EventDate "2000.??.??"]

1. e4 c5 2. c3 e6 3. d4 d5 4. exd5 Qxd5 5. Ne2 cxd4 6. cxd4 Nf6 7. Nbc3 Qd6 8.
Bf4 Qb6 9. b3 Be7 10. h4 O-O 11. h5 Nc6 12. h6 g6 13. a3 Rd8 14. Be3 Ng4 15. b4
Bf6 16. Rc1 e5 17. Na4 Qc7 18. d5 Nxe3 19. fxe3 Qe7 20. Qb3 Nb8 21. Nac3 Bf5
22. e4 Bd7 23. Rd1 Bg5 24. Rd3 Qf8 25. Ng3 Bxh6 26. Be2 Bf4 27. Qc2 a5 28. Qb1
Na6 29. Na2 Qe7 30. Nf1 axb4 31. axb4 b5 32. d6 Qf6 33. Nc3 Bc6 34. Qb2 Rxd6
35. Rdh3 h5 36. Bxh5 gxh5 37. g3 Bg5 38. Rxh5 Rad8 39. R1h2 Rd1+ 40. Nxd1 Rxd1+
41. Kxd1 Qxf1+ 42. Kc2 Bxe4+ 43. Kb3 Bd5+ 44. Kc2 Nxb4+ 45. Qxb4 Qc1+ 46. Kd3
Bc4+ 47. Ke4 Qe3+ 48. Kf5 Be6# {Hossa checkmated} 0-1

[Event "ICS rated blitz match"]
[Site "204.178.125.65"]
[Date "2000.04.30"]
[Round "?"]
[White "PostModernist"]
[Black "Hossa"]
[Result "0-1"]
[WhiteElo "2700"]
[BlackElo "2415"]
[PlyCount "148"]
[EventDate "2000.??.??"]

1. d4 d5 2. Nf3 Nf6 3. e3 e6 4. Bd3 c5 5. b3 Nc6 6. O-O Bd7 7. Ba3 b6 8. Nc3 a6
9. dxc5 Bxc5 10. Bxc5 bxc5 11. Na4 e5 12. Be2 e4 13. Ne1 Qa5 14. Qc1 d4 15. Qa3
Nb4 16. exd4 cxd4 17. Qb2 Bxa4 18. bxa4 Qc5 19. Rb1 Nc6 20. Qb6 Nd7 21. Qxc5
Nxc5 22. Bc4 Rb8 23. Rxb8+ Nxb8 24. f3 e3 25. f4 O-O 26. Nf3 Nc6 27. Rb1 Nxa4
28. Bxa6 Rd8 29. Bc4 Nc5 30. Ng5 Rf8 31. g3 h6 32. Rb5 hxg5 33. Rxc5 Nb4 34.
fxg5 g6 35. Rc7 Nxc2 36. Rd7 Rc8 37. Bxf7+ Kf8 38. Bxg6 e2 39. Rf7+ Kg8 40. Re7
e1=Q+ 41. Rxe1 Nxe1 42. Kf2 Nc2 43. Ke2 Kg7 44. Bf5 Rc3 45. a4 Nb4 46. Kd1 Ra3
47. Bd7 Kg6 48. Kc1 Kxg5 49. Kb2 Rc3 50. Bb5 Kg4 51. a5 Kh3 52. a6 Nc6 53. Bf1+
Kxh2 54. g4 Kg3 55. g5 Kf4 56. g6 Rg3 57. Kc2 Rxg6 58. Kd3 Rg3+ 59. Kc2 Ke3 60.
Bb5 d3+ 61. Bxd3 Nb4+ 62. Kb3 Nxd3 63. a7 Rg8 64. Ka4 Ra8 65. Kb5 Kd4 66. Ka6
Nc5+ 67. Kb5 Rxa7 68. Kb6 Rd7 69. Kb5 Rd6 70. Kb4 Re6 71. Ka5 Nd3 72. Kb5 Kc3
73. Ka5 Kc4 74. Ka4 Ra6# 0-1

[Event "ICS rated blitz match"]
[Site "204.178.125.65"]
[Date "2000.05.01"]
[Round "?"]
[White "Hossa"]
[Black "PostModernist"]
[Result "0-1"]
[WhiteElo "2442"]
[BlackElo "2673"]
[PlyCount "134"]
[EventDate "2000.??.??"]

1. e4 c6 2. d4 d5 3. Nc3 dxe4 4. Nxe4 Nd7 5. Ng5 Nb6 6. Bd3 g6 7. N1f3 Bg7 8.
O-O Nh6 9. c3 O-O 10. h3 Bf5 11. Ne4 Qc7 12. Re1 Rfd8 13. Bg5 f6 14. Bxh6 Bxh6
15. Nc5 Bc8 16. Qe2 Re8 17. Bc4+ Nd5 18. Ne6 Qd6 19. Rad1 Qxe6 20. Qxe6+ Bxe6
21. Rxe6 Bf4 22. Rde1 Bd6 23. g3 a5 24. a4 Rad8 25. Nd2 Kf8 26. Bxd5 cxd5 27.
Kg2 g5 28. R1e3 Rb8 29. Kf1 b5 30. axb5 Rxb5 31. b3 Rc8 32. Ke2 Kf7 33. Kd3 Rb6
34. c4 a4 35. c5 Bxc5 36. Rxb6 Bxb6 37. bxa4 Ra8 38. Nb3 Rxa4 39. Re2 e6 40.
Kc3 h5 41. Kd3 Rb4 42. Kc3 Rc4+ 43. Kd3 g4 44. hxg4 hxg4 45. Rc2 Rxc2 46. Kxc2
e5 47. Kd2 Ke6 48. Kd3 f5 49. Nc5+ Bxc5 50. dxc5 Kd7 51. Ke3 Kc6 52. Kd3 Kxc5
53. Ke2 Kc4 54. Kf1 d4 55. Kg1 d3 56. Kf1 d2 57. Ke2 Kc3 58. f4 gxf3+ 59. Kxf3
d1=Q+ 60. Kg2 Qe2+ 61. Kh3 e4 62. g4 Qf3+ 63. Kh2 fxg4 64. Kg1 e3 65. Kh2 e2
66. Kg1 e1=Q+ 67. Kh2 Qff2# {Hossa checkmated} 0-1

[Event "ICS rated standard match"]
[Site "204.178.125.65"]
[Date "2000.05.01"]
[Round "?"]
[White "Hossa"]
[Black "markOpoleO"]
[Result "0-1"]
[WhiteElo "2339"]
[BlackElo "2436"]
[PlyCount "138"]
[EventDate "2000.??.??"]

1. e4 e5 2. Nf3 Nc6 3. Nc3 g6 4. Bc4 Bg7 5. O-O d6 6. Bb5 Nge7 7. d3 O-O 8. Bg5
h6 9. Bh4 Bg4 10. Bxc6 bxc6 11. h3 Be6 12. d4 f6 13. Qe2 Qe8 14. Qa6 exd4 15.
Nxd4 Bf7 16. Rfd1 Qd7 17. b4 Rfb8 18. Rab1 Rb6 19. Qd3 a5 20. bxa5 Rxa5 21. a4
Qe8 22. Qd2 Nc8 23. Nb3 Ra8 24. Bg3 Rb4 25. Nd4 Rxb1 26. Rxb1 Nb6 27. Ra1 Ra6
28. Qf4 Qa8 29. Qe3 Nxa4 30. Nce2 Nb6 31. Rxa6 Qxa6 32. Qd2 c5 33. Nb3 Qa4 34.
Qe3 Qa2 35. Qc3 Na4 36. Qe3 Qxc2 37. Nbc1 Nb2 38. f3 Bc4 39. Bf4 Kf7 40. Ng3 f5
41. Kh2 g5 42. Qd2 Qb1 43. Bxd6 cxd6 44. Nxf5 Be5+ 45. g3 Be6 46. Ne3 c4 47.
Kg2 c3 48. Qc2 Qxc2+ 49. Nxc2 Bc4 50. Ne3 Nd3 51. Nxc4 Nxc1 52. Ne3 Ne2 53. h4
gxh4 54. f4 Bd4 55. Nc2 hxg3 56. Kf3 Bc5 57. Ne1 h5 58. e5 h4 59. Nd3 h3 60.
Kxe2 g2 61. Nxc5 dxc5 62. f5 g1=Q 63. e6+ Ke8 64. Kd3 Qd4+ 65. Ke2 Qe4+ 66. Kf2
c2 67. Kg3 c1=Q 68. Kxh3 Qch1+ 69. Kg3 Qhg2# {Hossa checkmated} 0-1

[Event "ICS rated standard match"]
[Site "204.178.125.65"]
[Date "2000.05.01"]
[Round "?"]
[White "Hossa"]
[Black "NewEmperor"]
[Result "0-1"]
[WhiteElo "2341"]
[BlackElo "2354"]
[PlyCount "92"]
[EventDate "2000.??.??"]

1. e4 c5 2. Nf3 e6 3. d4 cxd4 4. Nxd4 Nc6 5. Nc3 d6 6. Be2 a6 7. O-O Bd7 8.
Nxc6 Bxc6 9. Re1 Nf6 10. Bg5 h6 11. Bxf6 Qxf6 12. Bh5 Be7 13. Bf3 O-O 14. e5
dxe5 15. Bxc6 bxc6 16. Ne4 Qf4 17. Qd7 Rfe8 18. Qxc6 Rac8 19. Qxa6 Rxc2 20. g3
Qf5 21. Re2 Rec8 22. Rae1 R2c4 23. Nd6 Bxd6 24. Qxd6 e4 25. b3 Rc1 26. Qd2 R1c3
27. Qd4 Rc2 28. Rxc2 Rxc2 29. a4 Ra2 30. Qa7 Qd5 31. Re3 Ra1+ 32. Kg2 Qd1 33.
Qa6 Kh7 34. Qe2 Qg1+ 35. Kh3 Rf1 36. f4 Rf2 37. Qxf2 Qxf2 38. Rxe4 g5 39. fxg5
hxg5 40. Rf4 gxf4 41. Kg4 Kg6 42. Kh3 fxg3 43. hxg3 Kg5 44. a5 Qg1 45. g4 Kf4
46. b4 Qg3# {Hossa checkmated} 0-1

[Event "ICS rated blitz match"]
[Site "204.178.125.65"]
[Date "2000.05.01"]
[Round "?"]
[White "Hossa"]
[Black "Collareta"]
[Result "1/2-1/2"]
[WhiteElo "2435"]
[BlackElo "2043"]
[PlyCount "171"]
[EventDate "2000.??.??"]

1. e4 c5 2. Nf3 d6 3. d4 cxd4 4. Nxd4 Nf6 5. Nc3 e6 6. Be2 a6 7. O-O Be7 8. Bg5
Nbd7 9. Qc1 O-O 10. Rd1 Qc7 11. Qd2 b5 12. a3 Bb7 13. Bd3 Ne5 14. f4 Nc4 15.
Bxc4 Qxc4 16. e5 dxe5 17. fxe5 Nd5 18. Nxd5 Bxg5 19. Qxg5 Bxd5 20. b3 Qc7 21.
Rf1 Qa7 22. Rad1 Rad8 23. Qe3 Rd7 24. a4 bxa4 25. bxa4 Rfd8 26. c3 Qc5 27. Rf4
Rc8 28. Rb1 g6 29. Rc1 Bb3 30. Rh4 h5 31. a5 Bd5 32. Rf4 Qxa5 33. Rf6 Qd8 34.
Ra1 Rdc7 35. Qf4 Qe8 36. Rxa6 Rxc3 37. Ra7 Rc1+ 38. Kf2 R1c7 39. Rxc7 Rxc7 40.
Qd2 Qc8 41. Qf4 Qb7 42. Qd2 Bxg2 43. Ne2 Bd5 44. Qd4 Qa7 45. Qe3 Qxe3+ 46. Kxe3
Rc4 47. Rf4 Rxf4 48. Nxf4 Bb3 49. Nd3 Kf8 50. Nc5 Bd5 51. Nd7+ Ke7 52. Nf6 Ba2
53. Kd4 h4 54. Kc5 g5 55. Ng8+ Kf8 56. Nf6 Bb3 57. Kd4 Bd1 58. Nh7+ Kg7 59.
Nxg5 Kg6 60. Ne4 Bc2 61. Nd6 f6 62. exf6 Kxf6 63. Nc4 Bf5 64. Ne5 h3 65. Nd7+
Kg5 66. Ke5 Kg4 67. Kd4 Kf3 68. Ne5+ Kg2 69. Ke3 Kxh2 70. Kf3 Kg1 71. Kg3 h2
72. Nf3+ Kf1 73. Nxh2+ Ke1 74. Nf3+ Kd1 75. Nd4 Kd2 76. Nxf5 exf5 77. Kf2 Kd3
78. Kf3 Kd4 79. Kf2 Ke4 80. Ke2 Kf4 81. Kf2 Kg4 82. Kg2 f4 83. Kf2 f3 84. Kf1
Kg3 85. Kg1 f2+ 86. Kf1 1/2-1/2

[Event "ICS rated blitz match"]
[Site "204.178.125.65"]
[Date "2000.05.01"]
[Round "?"]
[White "Collareta"]
[Black "Hossa"]
[Result "0-1"]
[WhiteElo "2056"]
[BlackElo "2422"]
[PlyCount "166"]
[EventDate "2000.??.??"]

1. c4 e5 2. g3 Nf6 3. Bg2 c6 4. d4 exd4 5. Qxd4 d5 6. cxd5 cxd5 7. Nc3 Nc6 8.
Qd1 d4 9. Ne4 Nxe4 10. Bxe4 Bg4 11. Nf3 Bxf3 12. Bxf3 Bb4+ 13. Bd2 Bxd2+ 14.
Qxd2 O-O 15. O-O Re8 16. Rac1 Qd6 17. Rc4 Rad8 18. Bxc6 bxc6 19. Rfc1 Qd5 20.
b3 Re6 21. Rc5 Qe4 22. Qd3 Qxe2 23. Qxe2 Rxe2 24. Rxc6 h5 25. Ra6 Re7 26. Rd1
g6 27. Rd3 Re1+ 28. Kg2 Re7 29. Ra4 Red7 30. h4 f6 31. Kf3 Kf7 32. Ke4 f5+ 33.
Kf4 Kg7 34. Ke5 Re8+ 35. Kf4 Re4+ 36. Kf3 g5 37. hxg5 Kg6 38. Rc4 h4 39. gxh4
Rxh4 40. b4 Re4 41. a4 Kxg5 42. b5 Kf6 43. a5 Ke5 44. b6 axb6 45. a6 Rh7 46.
Kg2 Rg4+ 47. Kf1 Rh1+ 48. Ke2 Re4+ 49. Kd2 Ra1 50. Rb4 Rxa6 51. Rb5+ Kf6 52.
Rdb3 Ra2+ 53. Rb2 Rxb2+ 54. Rxb2 Re6 55. Kd3 Rd6 56. f4 Kf7 57. Rb5 Kg6 58. Rb2
Kf6 59. Rb5 Rc6 60. Kxd4 Re6 61. Kd3 Kg6 62. Rb3 Kh5 63. Rb5 Kg4 64. Rb4 Kf3
65. Rb5 Kxf4 66. Kd2 Re5 67. Rxb6 Kf3 68. Rb3+ Kf2 69. Rb4 Re4 70. Rb8 Re2+ 71.
Kd1 f4 72. Rf8 f3 73. Rf7 Kg2 74. Rg7+ Kf1 75. Rf7 f2 76. Rg7 Re5 77. Rg6 Rd5+
78. Kc2 Ke2 79. Re6+ Kf3 80. Rf6+ Ke3 81. Re6+ Kf4 82. Rf6+ Rf5 83. Rxf5+ Kxf5
{Collareta resigns} 0-1

[Event "ICS rated standard match"]
[Site "204.178.125.65"]
[Date "2000.05.01"]
[Round "?"]
[White "expert101"]
[Black "Hossa"]
[Result "0-1"]
[WhiteElo "2070"]
[BlackElo "2336"]
[PlyCount "109"]
[EventDate "2000.??.??"]

1. e4 d5 2. exd5 Nf6 3. c4 c6 4. dxc6 Nxc6 5. Nf3 e5 6. d3 Bc5 7. Be2 O-O 8.
O-O Bf5 9. Bg5 Qb6 10. Nc3 Qxb2 11. Na4 Qa3 12. Bxf6 gxf6 13. Nh4 Bc8 14. Nxc5
Qxc5 15. Bg4 Nd4 16. Rb1 f5 17. Bf3 Qe7 18. g3 Rb8 19. Bg2 f4 20. Qh5 fxg3 21.
hxg3 b6 22. Rfe1 f6 23. Bd5+ Kg7 24. Kg2 Qe8 25. Qxe8 Rxe8 26. f4 Bg4 27. fxe5
fxe5 28. Rf1 Rf8 29. Be4 Rbd8 30. Rxf8 Rxf8 31. Rb2 Rf6 32. Rf2 Bh3+ 33. Kg1
Rxf2 34. Kxf2 Bg4 35. Ng2 h5 36. Ne3 Be6 37. Nd5 Kf8 38. Nc7 Bd7 39. Nd5 Kg7
40. Nc3 Kh6 41. Bd5 Bf5 42. Ke3 Kg5 43. Be4 Bxe4 44. Nxe4+ Kg4 45. Kf2 Nc2 46.
Nf6+ Kg5 47. Nd5 Nd4 48. a4 Ne6 49. Ne7 Nc5 50. Nc6 Nxd3+ 51. Ke3 Nb2 52. Nxe5
Nxa4 53. Kd4 Nc5 54. Nc6 Kg4 55. Nxa7 {expert101 resigns} 0-1